| 000 | 00730cab a2200265 4500 | ||
|---|---|---|---|
| 001 | ABS53562 | ||
| 008 | 090401t1995 xxu||||| |||| 00| 0 eng d | ||
| 035 | _a(Sirsi) u5101 | ||
| 041 | _aeng | ||
| 245 | _aMarket report: West London boroughs | ||
| 260 | _c1995 | ||
| 350 | _a0 | ||
| 490 |
_aProperty Week _v21 September 1995, 48-58(7) |
||
| 650 | _aCHISWICK | ||
| 650 | _aHAMMERSMITH | ||
| 650 | _aHEATHROW | ||
| 650 | _aKENSINGTON AND CHELSEA | ||
| 650 | _aKNIGHTSBRIDGE | ||
| 650 | _aPROPERTY-COMMERCIAL PROPERTY-OFFICE PROPERTY-OFFICE PROPERTY MARKET | ||
| 650 | _aTERMINAL 5 | ||
| 650 | _aWEST LONDON | ||
| 690 | _aPROPERTY-COMMERCIAL PROPERTY-COMMERCIAL PROPERTY MARKET | ||
| 942 | _n0 | ||
| 948 | _c04/03/1997 | ||
| 999 |
_c3059 _d3059 |
||